Ливена

Доступно только в Электронных читальных залах Найти на картеНа карте
RUSMARC
00003756nac2a22002771x 450
001ca9d2e17-db0b-47c3-ac9d-21f818dc4e71
00520131221030135.0
100##$a20130529l19071908k y0rusy50 ca
1010#$arus
102##$aRU
105##$ay z |||||
1222#$ad19070509
$ad19080422
2001#$aЛивена
$j9 мая 1907 - 22 апреля 1908
215##$a16 листов
251##$cДело
300##$aЗаголовок дела на папке: Письма Ливена А. А. Кони А. Ф.
300##$aРукописный текст
330##$aПереписка А. Ф. Кони; Письма к А. Ф. Кони
461#0$10013a54f2e3-e9cf-409b-80fa-f0a9bd3c40cb
$12001
$aКони Анатолий Федорович, юрист, литератор, член академии наук, председатель Санкт-Петербургского окружного суда, член государственного совета
$1251
$cФонд
$1852
$j564
462#0$100178a475cd-a47d-4377-bff3-cee4b81de655
$12001
$aОпись дел фонда А. Ф. Кони за 1880-1931 гг.
$1251
$cОпись
$1852
$j1
517##$aПисьма Ливена А. А. Кони А. Ф.
600#1$aКони
$bА. Ф.
$f1844-1927
$gАнатолий Федорович
600#1$aЛивен
$bА. А.
801#0$aRU
$bGA_RF
801#1$aRU
$bНПО Опыт
$c20130529
$2rusmarc
801#2$aRU
$bПБ им. Б.Н. Ельцина
$c20131221
$gRCR
$2rusmarc
852##$aГА РФ
$j2361
937##$d42357441
$hПБ
035##$aRuPRLIB51003189
Формат отображения